[Event "SCG-chT"]
[Site "Budva"]
[Date "2003.??.??"]
[Round "10.46"]
[White "Martinovic, Slobodan"]
[Black "Kosoric, Arsenije"]
[Result "1-0"]
[WhiteElo "2441"]
[BlackElo "2204"]
[PlyCount "63"]
[EventDate "2003.09.??"]
[EventType "team"]
[EventRounds "11"]
[EventCountry "YUG"]
[SourceTitle "CBM 096 Extra"]
[Source "ChessBase"]
[SourceDate "2003.10.22"]
[SourceVersion "2"]
[SourceVersionDate "2003.10.20"]
[SourceQuality "1"]

1. Nf3 Nf6 2. g3 g6 3. b3 Bg7 4. Bb2 0-0 5. Bg2 d6 6. d4 c6 7. 0-0 Qa5 8. e3 Qh5 9. Nfd2 Bg4 10. f3 Bh3 11. c4 Nbd7 12. Nc3 e5 13. d5 Nc5 14. e4 Ne8 15. Ba3 Nd7 16. dxc6 bxc6 17. Qe2 f5 18. Rad1 Rf7 19. b4 Nf8 20. b5 c5 21. Nd5 Ne6 22. Bb2 Ng5 23. Bxh3 Qxh3 24. f4 Ne6 25. exf5 Nd4 26. Bxd4 cxd4 27. fxg6 hxg6 28. Ne4 Qd7 29. Ng5 Rf5 30. g4 Rxg5 31. fxg5 Qe6 32. Rxd4 1-0